<?xml version="1.0" encoding="UTF-8"?>
<record
    xmlns:xsi="http://www.w3.org/2001/XMLSchema-instance"
    xsi:schemaLocation="http://www.loc.gov/MARC21/slim http://www.loc.gov/standards/marcxml/schema/MARC21slim.xsd"
    xmlns="http://www.loc.gov/MARC21/slim">

  <leader>00430nam a22001697b 4500</leader>
  <controlfield tag="005">20240829155518.0</controlfield>
  <controlfield tag="008">240829b        sa ||||| |||| 00| 1 eng d</controlfield>
  <datafield tag="020" ind1=" " ind2=" ">
    <subfield code="a">9781529038668</subfield>
    <subfield code="q">pbk</subfield>
  </datafield>
  <datafield tag="040" ind1=" " ind2=" ">
    <subfield code="a">RDA</subfield>
    <subfield code="c">OCLC</subfield>
  </datafield>
  <datafield tag="041" ind1=" " ind2=" ">
    <subfield code="2">E</subfield>
  </datafield>
  <datafield tag="082" ind1=" " ind2=" ">
    <subfield code="a">EF CART</subfield>
  </datafield>
  <datafield tag="100" ind1=" " ind2=" ">
    <subfield code="a">Carter, Eva</subfield>
    <subfield code="9">188443</subfield>
  </datafield>
  <datafield tag="245" ind1=" " ind2=" ">
    <subfield code="a">How to save a live</subfield>
    <subfield code="c">by Eva Carter</subfield>
  </datafield>
  <datafield tag="260" ind1=" " ind2=" ">
    <subfield code="a">London; </subfield>
    <subfield code="b">Mantle;</subfield>
    <subfield code="c">2021.</subfield>
  </datafield>
  <datafield tag="300" ind1=" " ind2=" ">
    <subfield code="a">472 pages;</subfield>
    <subfield code="c">24 cm.</subfield>
  </datafield>
  <datafield tag="942" ind1=" " ind2=" ">
    <subfield code="2">ddc</subfield>
    <subfield code="c">BOOK</subfield>
    <subfield code="w">174</subfield>
    <subfield code="x">Sanet Schoeman</subfield>
    <subfield code="y">174</subfield>
    <subfield code="z">Sanet Schoeman</subfield>
  </datafield>
  <datafield tag="999" ind1=" " ind2=" ">
    <subfield code="c">766915</subfield>
    <subfield code="d">766914</subfield>
  </datafield>
  <datafield tag="952" ind1=" " ind2=" ">
    <subfield code="0">0</subfield>
    <subfield code="1">0</subfield>
    <subfield code="2">ddc</subfield>
    <subfield code="4">0</subfield>
    <subfield code="7">0</subfield>
    <subfield code="8">F</subfield>
    <subfield code="a">STANRL</subfield>
    <subfield code="b">SECL</subfield>
    <subfield code="c">FIC</subfield>
    <subfield code="d">2024-08-29</subfield>
    <subfield code="g">330.50</subfield>
    <subfield code="l">0</subfield>
    <subfield code="o">EF CART</subfield>
    <subfield code="p">33228031152563</subfield>
    <subfield code="r">2024-08-29</subfield>
    <subfield code="w">2024-08-29</subfield>
    <subfield code="y">BOOK</subfield>
  </datafield>
  <datafield tag="952" ind1=" " ind2=" ">
    <subfield code="0">0</subfield>
    <subfield code="1">0</subfield>
    <subfield code="2">ddc</subfield>
    <subfield code="4">0</subfield>
    <subfield code="7">0</subfield>
    <subfield code="8">F</subfield>
    <subfield code="a">STANRL</subfield>
    <subfield code="b">SECL</subfield>
    <subfield code="c">FIC</subfield>
    <subfield code="d">2024-08-29</subfield>
    <subfield code="g">330.50</subfield>
    <subfield code="l">0</subfield>
    <subfield code="o">EF CART</subfield>
    <subfield code="p">33228031152562</subfield>
    <subfield code="r">2024-08-29</subfield>
    <subfield code="w">2024-08-29</subfield>
    <subfield code="y">BOOK</subfield>
  </datafield>
</record>
